Testbook of War Pollution and Its Control (Record no. 3554)

MARC details
000 -LEADER
fixed length control field 00428nam a22001457a 4500
008 - FIXED-LENGTH DATA ELEMENTS--GENERAL INFORMATION
fixed length control field 250519b |||||||| |||| 00| 0 eng d
020 ## - INTERNATIONAL STANDARD BOOK NUMBER
ISBN 9788126908257
100 ## - MAIN ENTRY--AUTHOR
Author Bhatia S.C.
245 ## - TITLE STATEMENT
Title Testbook of War Pollution and Its Control
260 ## - PUBLICATION, DISTRIBUTION, ETC. (IMPRINT)
Place of publication India
Name of publisher Atlantic Publishers & Distributor.
Date of publication 2021
300 ## - COLLATION
Pagination xviii, 578p. 24.1cm:
Other physical details illustration;
650 ## - TRACINGS
Main Subject Air - Pollution - Control
942 ## - ADDED ENTRY ELEMENTS (KOHA)
Item type Books
050 ## - LIBRARY OF CONGRESS CALL NUMBER
Classification number TD883.
Item number .B33
Holdings
Source of classification or shelving scheme Not for loan Permanent location Current location Date acquired Accession No. Full call number Barcode. Koha item type
Library of Congress Classification   Samuel Ogbemudia Main Library, University of Abuja Samuel Ogbemudia Main Library, University of Abuja 05/19/2025 2024/62226 TD883.B33 2025-2025 Books